| 000 | 00636nam a2200241Ia 4500 | ||
|---|---|---|---|
| 003 | OSt | ||
| 005 | 20221005083404.0 | ||
| 006 | a|||||r|||| 00| 0 | ||
| 007 | ta | ||
| 008 | 221004b |||||||| |||| 00| 0 eng d | ||
| 024 | _a54774 | ||
| 037 | _cTextual | ||
| 040 |
_aCRL _cCRL _beng |
||
| 041 |
_2eng _aeng |
||
| 082 | _aV2y7N17x, M5 | ||
| 100 | _aPanigrahi D N Ed. | ||
| 245 | 0 |
_aIndira Gandhi _b An apostle of National integration |
|
| 260 |
_aNew Delhi _bVikas _c1985 |
||
| 300 |
_a144p. _ccm. |
||
| 650 | _aHISTORY | ||
| 942 |
_hV2y7N17x, M5 _cTEXL _2cc |
||
| 999 |
_c990850 _d990850 |
||